Prime 30 Nazioni per PIL pro Capite - Statistics

Statistiche generali
  • Questo quiz è stato fatto 103 volte
  • Il punteggio medio è 24 su 30
Statistiche sulle risposte
Risposta % Corretto
USA/Stati Uniti
100%
Italia
98%
Giappone
94%
Svezia
94%
Canada
92%
Finlandia
92%
Francia
92%
Germania
92%
Lussemburgo
92%
Norvegia
92%
Australia
91%
Svizzera
91%
Spagna
90%
UK/Regno Unito
89%
Belgio
86%
Olanda/Paesi Bassi
86%
Irlanda
85%
Austria
83%
Nuova Zelanda
83%
Liechtenstein
81%
Danimarca
78%
Corea del Sud
76%
Islanda
76%
Eau/Emirati Arabi Uniti
75%
Qatar
72%
San Marino
68%
Singapore
66%
Israele
51%
Kuwait
51%
Bahamas
17%
Nessun quiz corrispondente trovato
Distribuzione punteggi
Percentuale di utenti per punteggio
Percentile per numero di risposta
I tuoi punteggi nel tempo
Non hai fatto questo quiz